000 00789 aa a2200205 4500
008 081020t xxu||||| |||| 00| 0 eng d
010 _aENG-84099
020 _a8176298301
020 _c980.00 (hb)
035 _aEN-67632
082 _a344.04638 / MAH
100 _aMahandiyan, Vijendra
245 _aEnvironmental noise pollution:
_bcauses, evils, legislation and controls /
_cby Vijendra Mahandiyan
260 _aNew Delhi
_bDeep and Deep Publications
260 _c2006
300 _axl,446p
_c22cm
500 _aIncludes bibliographical references and index
942 _2ddc
_cEN
_h344.04638
_m MAH
999 _c17066
_d17066